000 00511nam a2200181 i 4500
001 27961
003 ES-MaACL
005 20250805063234.0
007 t|
008 030116s1967 sp ||||1| cat d
100 1 _aJuan Arbó, Sebastián,
_d1902-1984
_967101
245 1 2 _aL'espera
_b: novella /
_cSebastián Juan Arbó.
250 _a[1ª ed.].
260 _aBarcelona :
_bClub Editor,
_c[1967]
300 _a422 p. ;
_c19 cm.
852 _aES-MaACL
_jC-34239
_bR.65262
999 _c27961
_d27961